000
00351nam a2200157Ia 4500
003
OSt
005
20240306120928.0
008
170523s9999 xx 000 0 und d
020
_a
978-9352020409
040
_c
IIMTU MEERUT
100
_a
CHUNAWALA- SA
245
0
_a
ADVERTISING
260
_b
HIMALAYA PUBLICATION
260
_c
2002
942
_2
ddc
_c
02
999
_c
1048
_d
1048